Hra ľavorukých hádzanárov na pravej spojke

Na minha lista:
Detalhes bibliográficos
Autor principal: Hložek, Peter, 1959-
Formato: Capítulo de Livro
Idioma:eslovaco
Assuntos:
Tags: Adicionar Tag
Sem tags, seja o primeiro a adicionar uma tag!

MARC

LEADER 00000naa$a2200000$$$4500
001 0306551
005 20250131124355.3
041 0 |a slo 
044 |a SK 
245 1 0 |a Hra ľavorukých hádzanárov na pravej spojke  |c Peter Hložek 
500 |a Abstrakt 
610 2 0 |a šport 
610 2 0 |a Slovensko 
610 2 0 |a zdravie 
100 1 |a Hložek, Peter, 1959-